Electrónica: teoría de circuitos y dispositivos electrónicos

Αποθηκεύτηκε σε:
Λεπτομέρειες βιβλιογραφικής εγγραφής
Κύριοι συγγραφείς: Boylestad, Robert L (Συγγραφέας), Nashelsky, Louis (Συγγραφέας)
Μορφή: Βιβλίο
Γλώσσα:Ισπανικά
Έκδοση: Ciudad de México Pearson Educación 2003
Έκδοση:8a. ed
Θέματα:
Ετικέτες: Προσθήκη ετικέτας
Δεν υπάρχουν, Καταχωρήστε ετικέτα πρώτοι!

MARC

LEADER 00000nam a2200000 a 4500
001 UCL8352
003 CL-VaPUC
008 040618e20030000MX |||||||||||||||||spa|d
020 |a 9702604362 
082 0 4 |a 621.381  |b BOY  |2 21 
100 0 |a Boylestad, Robert L  |e author  |9 486294 
700 0 |a Nashelsky, Louis  |e author  |9 486295 
245 1 0 |a Electrónica: teoría de circuitos y dispositivos electrónicos 
250 |a 8a. ed 
300 |a 1020 p 
942 |c BK 
945 |d 20040618 00:00:00  |a cmena 
260 |a Ciudad de México  |b Pearson Educación  |c 2003 
650 0 |a Circuitos lógicos   |9 263161 
650 0 |a Circuitos electrónicos  |9 260204 
650 0 |a Diseño lógico  |9 262464 
650 0 |a Electrónica digital   |9 263160 
650 0 |a Electrónica de potencia  |9 263153 
650 0 |a Semiconductores  |9 260250 
650 0 |a Diodos  |9 260678 
650 0 |a Transistores  |9 260330 
583 |a last modification  |c 20040618 00:00:00  |k Rodrigo Vera 
999 |c 309693  |d 309691 
952 |0 0  |1 0  |4 0  |6 621_381000000000000_BOY_2003  |7 0  |8 A  |9 377351  |a BIBING  |b BIBING  |d 2019-11-21  |i 4028880  |o 621.381 BOY 2003  |p 4028880  |r 2025-01-20  |w 2019-11-21  |y BK  |k EIE 
952 |0 0  |1 0  |4 0  |6 621_381000000000000_BOY_2003  |7 0  |8 A  |9 377353  |a BIBING  |b BIBING  |d 2019-11-21  |i 4048644  |o 621.381 BOY 2003  |p 4048644  |r 2025-01-20  |w 2019-11-21  |y BK  |k EIE 
952 |0 0  |1 0  |4 0  |6 621_381000000000000_BOY_2003  |7 0  |8 A  |9 377354  |a BIBING  |b BIBING  |d 2019-11-21  |i 4048652  |o 621.381 BOY 2003  |p 4048652  |r 2025-01-20  |w 2019-11-21  |y BK  |k EIE 
952 |0 0  |1 0  |4 0  |6 621_381000000000000_BOY_2003  |7 0  |8 A  |9 377355  |a BIBING  |b BIBING  |d 2019-11-21  |i 4048660  |o 621.381 BOY 2003  |p 4048660  |r 2025-01-20  |w 2019-11-21  |y BK  |k EIE 
952 |0 0  |1 0  |4 0  |6 621_381000000000000_BOY_2003  |7 0  |8 A  |9 377362  |a BIBING  |b BIBING  |d 2019-11-21  |i 4115805  |o 621.381 BOY 2003  |p 4115805  |r 2025-01-20  |w 2019-11-21  |y BK  |k EIE 
952 |0 0  |1 0  |4 0  |6 621_381000000000000_BOY_2003  |7 0  |8 A  |9 377364  |a BIBING  |b BIBING  |d 2019-11-21  |i 4115821  |o 621.381 BOY 2003  |p 4115821  |r 2025-01-20  |w 2019-11-21  |y BK  |k EIE 
952 |0 0  |1 0  |4 0  |6 621_381000000000000_BOY_2003  |7 0  |8 A  |9 377365  |a BIBING  |b BIBING  |d 2019-11-21  |i 411583K  |o 621.381 BOY 2003  |p 411583K  |r 2025-01-20  |w 2019-11-21  |y BK  |k EIE 
952 |0 0  |1 0  |4 0  |6 621_381000000000000_BOY_2003  |7 0  |8 A  |9 377366  |a BIBING  |b BIBING  |d 2019-11-21  |i 4115848  |l 2  |o 621.381 BOY 2003  |p 4115848  |r 2025-01-20  |s 2022-05-13  |w 2019-11-21  |y BK  |k EIE 
952 |0 0  |1 0  |4 0  |6 621_381000000000000_BOY_2003  |7 0  |8 A  |9 377367  |a BIBING  |b BIBING  |d 2019-11-21  |i 4115856  |o 621.381 BOY 2003  |p 4115856  |r 2025-01-20  |w 2019-11-21  |y BK  |k EIE 
952 |0 0  |1 0  |4 0  |6 621_381000000000000_BOY_2003  |7 0  |8 A  |9 377368  |a BIBING  |b BIBING  |d 2019-11-21  |i 4115872  |o 621.381 BOY 2003  |p 4115872  |r 2025-01-20  |w 2019-11-21  |y BK  |k EIE 
952 |0 0  |1 0  |4 0  |6 621_381000000000000_BOY_2003  |7 0  |8 A  |9 377369  |a BIBING  |b BIBING  |d 2019-11-21  |i 4115880  |o 621.381 BOY 2003  |p 4115880  |r 2025-01-20  |w 2019-11-21  |y BK  |k EIE 
952 |0 0  |1 0  |4 0  |6 621_381000000000000_BOY_2003  |7 0  |8 A  |9 377370  |a BIBING  |b BIBING  |d 2019-11-21  |i 4115899  |l 1  |o 621.381 BOY 2003  |p 4115899  |r 2025-01-20  |s 2024-05-16  |w 2019-11-21  |y BK  |k EIE 
952 |0 0  |1 0  |4 0  |6 621_381000000000000_BOY_2003  |7 0  |8 A  |9 377371  |a BIBING  |b BIBING  |d 2019-11-21  |i 4115864  |o 621.381 BOY 2003  |p 4115864  |r 2025-01-20  |w 2019-11-21  |y BK  |k EIE 
952 |0 0  |1 0  |4 0  |6 621_381000000000000_BOY_2003  |7 0  |8 A  |9 377373  |a BIBING  |b BIBING  |d 2019-11-21  |i 427122K  |o 621.381 BOY 2003  |p 427122K  |r 2025-01-20  |w 2019-11-21  |y BK  |k EIE 
952 |0 0  |1 0  |4 0  |6 621_381000000000000_BOY_2003  |7 0  |8 A  |9 377374  |a BIBING  |b BIBING  |d 2019-11-21  |i 4271238  |o 621.381 BOY 2003  |p 4271238  |r 2025-01-20  |w 2019-11-21  |y BK  |k EIE 
952 |0 0  |1 0  |4 0  |6 621_381000000000000_BOY_2003  |7 0  |8 A  |9 377375  |a BIBING  |b BIBING  |d 2019-11-21  |i 4271246  |l 5  |o 621.381 BOY 2003  |p 4271246  |r 2025-01-20  |s 2020-08-05  |w 2019-11-21  |y BK  |k EIE 
952 |0 0  |1 0  |4 0  |6 621_381000000000000_BOY_2003  |7 0  |8 A  |9 377376  |a BIBING  |b BIBING  |d 2019-11-21  |i 4271254  |o 621.381 BOY 2003  |p 4271254  |r 2025-01-20  |w 2019-11-21  |y BK  |k EIE 
952 |0 0  |1 0  |4 0  |6 621_381000000000000_BOY_2003  |7 0  |8 A  |9 377377  |a BIBING  |b BIBING  |d 2019-11-21  |i 4271262  |o 621.381 BOY 2003  |p 4271262  |r 2025-01-20  |w 2019-11-21  |y BK  |k EIE 
952 |0 0  |1 0  |4 0  |6 621_381000000000000_BOY_2003  |7 0  |8 A  |9 377378  |a BIBING  |b BIBING  |d 2019-11-21  |i 4271270  |o 621.381 BOY 2003  |p 4271270  |r 2025-01-20  |w 2019-11-21  |y BK  |k EIE 
952 |0 0  |1 0  |4 0  |6 621_381000000000000_BOY_2003  |7 0  |8 A  |9 377379  |a BIBING  |b BIBING  |d 2019-11-21  |i 4271289  |o 621.381 BOY 2003  |p 4271289  |r 2025-01-20  |w 2019-11-21  |y BK  |k EIE 
952 |0 0  |1 0  |4 0  |6 621_381000000000000_BOY_2003  |7 0  |8 A  |9 377381  |a BIBING  |b BIBING  |d 2019-11-21  |i 4271300  |o 621.381 BOY 2003  |p 4271300  |r 2025-01-20  |w 2019-11-21  |y BK  |k EIE 
952 |0 0  |1 0  |4 0  |6 621_381000000000000_BOY_2003  |7 0  |8 A  |9 377382  |a BIBING  |b BIBING  |d 2019-11-21  |i 4342526  |l 1  |m 2  |o 621.381 BOY 2003  |p 4342526  |r 2025-01-20  |s 2024-03-13  |w 2019-11-21  |y BK  |k EIE 
952 |0 0  |1 0  |4 0  |6 621_381000000000000_BOY_2003  |7 0  |8 A  |9 377383  |a BIBING  |b BIBING  |d 2019-11-21  |i 4482603  |o 621.381 BOY 2003  |p 4482603  |r 2025-01-20  |w 2019-11-21  |y BK  |k EIE 
952 |0 0  |1 0  |4 0  |6 621_381000000000000_BOY_2003  |7 0  |8 A  |9 377384  |a BIBING  |b BIBING  |d 2019-11-21  |i 448407K  |o 621.381 BOY 2003  |p 448407K  |r 2025-01-20  |w 2019-11-21  |y BK  |k EIE